000 00874nam a2200217 a 4500
001 41117
003 BD-RjUL
005 20211209053331.0
008 160516s1986 ii ||||| |||| 00| 0 ben d
035 _a(BD-RjUL) 41233
040 _aBD-RjUL
_bben
_cBD-RjUL
041 _aben
082 _223
_a025.3
_bCHT 1986
100 _aচক্রবর্তী, অজয় রঞ্জন
_9126486
245 1 0 _aতথ্যবিজ্ঞানের রূপরেখা /
_cঅজয় রঞ্জন চক্রবর্তী
260 _aকলিকাতা :
_bদি ওয়ার্ল্ড প্রেস প্রাইভেট লিমিটেড,
_c১৯৮৬
300 _a[১১], ১৪৮ পৃ. ;
_c২১ সেমি.
650 _aতথ্যবিজ্ঞান
_9118461
650 _aInformation Science
_9126647
942 _2ddc
_cBK
999 _c41117
_d41117